00464nam a2200157Ia 4500082001600000100002300016245003000039260003100069300001500100440004000115650002100155650004600176650003700222650002200259650002500281 a004.6 MEA-; aMeadow, Charles T. 0aMan-machine communication aNew YorkbJohn Wileyc1970 axvi, 422p. aWiley information sciences series aComputer science aInformation storage and retrieval systems aCommunication - Network analysis aComputer programs aHuman machine system